La contribución de la educación superior al sistema educativo en su conjunto.
Guardado en:
| 主要作者: | |
|---|---|
| 企業作者: | |
| 格式: | Procedimiento de la conferencia 圖書 |
| 語言: | 西班牙语 |
| 叢編: | (La educación superior en el siglo XXI visión et acción)
|
| 主題: | |
| 標簽: |
沒有標簽, 成為第一個標記此記錄!
|
MARC
| LEADER | 00000cam^a2200000uu^4500 | ||
|---|---|---|---|
| 001 | 000466750 | ||
| 005 | 20250521000000.0 | ||
| 008 | 050901s1998^^^^^^^^^^^^rd^r^^000^0^spa^d | ||
| 009 | 20260310124430.963 | ||
| 035 | |a FCE 000009388 | ||
| 035 | |a FCE 027014 | ||
| 037 | |a Acervo ITESO - Biblioteca | ||
| 041 | |a spa | ||
| 082 | 0 | 4 | |a 378 |b CMES 7.8 |
| 100 | |a Hughes, Phillip |e (autor) | ||
| 245 | 1 | 3 | |a La contribución de la educación superior al sistema educativo en su conjunto. |
| 264 | |a París : |b UNESCO, |c 1998. | ||
| 300 | |a 25 p. | ||
| 336 | |a texto |b txt |2 rdacontenido | ||
| 337 | |a sin mediación |b n |2 rdamedio | ||
| 338 | |a volumen |b nc |2 rdasoporte | ||
| 440 | 3 | |a (La educación superior en el siglo XXI visión et acción) | |
| 649 | |a XX | ||
| 650 | |a Educación superior | ||
| 650 | |a Perspectivas | ||
| 650 | |a Formación profesional | ||
| 650 | |a Educación y Desarrollo | ||
| 650 | |a Papel de la educación | ||
| 711 | |a Conferencia Mundial sobre la Educación Superior: |c París) |d (5-9 oct. 1998 : | ||
| 910 | |a Fondo Centro de Estudios Educativos | ||
| 920 | |a Impresos - Libros | ||
| 930 | |a Fondos Especiales | ||
| 905 | |a 133 | ||
| 901 | |a ALE027014 |b IT2 |c CEE |u 20250521 | ||
| 902 | |a https://opac.biblio.iteso.mx/vufind/Record/000466750 | ||